000 00453nam a22001817a 4500
003 MPLRDC
005 20220104113552.0
008 210129b ||||| |||| 00| 0 eng d
082 _a857.62 JDN-2 v.11
100 _a贾德诺
245 _a一目了然
_c周辛南译
250 _a初版
260 _a
_b远景出版事业公司
_c1988
300 _b
490 _a柯赖二氏探案. 11
650 _a推理小说
942 _cBK
_o857.62 JDN-2 v.11
999 _c663
_d653